03220namaa2200577 a 4500008004100000020001800041041000800059092001700067100003500084245007500119250011700194260006500311300002300376500013600399653003800535653003100573653004700604653003700651653003300688653004900721653002700770653005900797653003000856653002800886653006500914653001600979653003300995653006201028653005801090653001501148653002901163653003901192653001601231653006101247653004701308653004001355653005601395653002501451653004001476653003301516653002301549700003501572700005301607942001201660999001501672952019801687952019701885952018702082952018602269952018702455220221s2019 a a|||fr|||| 001 0 spa d a9786078546220 aspa c612l79sSIL1 aSilverthorn, Dee Unglaub91864 aFisiología humana.bUn enfoque integrado /cDee Unglaub Silverthorn. a8va. ed.bTraducción Morando, Adriana. Ilustración Ober, Williamn C ; Ober, Claire E. ; Impaglizzo, Anita.  aCiudad de México:bEditorial Médica Panamericana;c2019. a960 p. bil. 28cm. aSilverthorn, D. U. et al. (2019). Fisiología humana. Un enfoque integral. (8a ed.). México : Editorial Médica Panamericana.  aIntroducción a la fisiología. aInteracciones moleculares. aCompartimentación : células y tejidos. aEnergía y metabolismo celular. aDinámica de las membranas. aComunicación, integración y homeostasis. aHomeostasis y control. aPropiedades de las neuronas y de las redes neuronales. aSistema nervioso central. aFisiología sensitiva. aDivisión eferente : control motor autónomo y somático. aMúsculos. aFisiología cardiovascular. aFisiología integrada : control del movimiento corporal. aFlujo sanguíneo y control de la tensión arterial.3 aLa sangre. aMecánica respiratoria. aIntercambio y transporte de gases. aRiñones.  aFisiología integrada: equilibrio hidroelectrolítico. aMetabolismo, crecimiento y envejecimiento. aMetabolismo y balance energético. aControl endocrino del crecimiento y el metabolismo. aSistema inmunitario. aFisiología integrada : ejercicio. aReproducción y desarrollo. aAparato digestivo.1 aJohnson, Bruce, R.eCol.941561 aSilverthorn, Andrew, C.eAsesor clínico.94157 2ddccBK c3128d3128 00102ddc4070aBFMbBFMcCRd2022-02-21eCompra Facimed,Diciembre 2021l40m5o612 79 SILp4758r2026-04-09s2026-03-26tEj. 11w2022-02-21yBKzCompra Facimed, Diciembre 2021. Sede Tordos.f 00102ddc4070aBFMbBFMcCRd2022-02-21eCompra Facimed,Diciembre 2021l40m8o612 79 SILp4759r2026-04-09s2026-04-01tEj.12w2022-02-21yBKzCompra Facimed, Diciembre 2021. Sede Tordos.f 00102ddc4070aBFMbBFMcCRd2022-02-21eCompra Facimed, Diciembre 2021l32m4o612 79 SILp4760r2026-03-11s2025-12-03tEj. 13w2022-02-21yBKzCompra Facimed, Diciembre 2021. f 00102ddc4070aBFMbBFMcCRd2022-02-21eCompra Facimed,Diciembre 2021l33m8o612 79 SILp4761r2026-03-06s2025-12-19tEj. 14w2022-02-21yBKzCompra Facimed, Diciembre 2021. f 00102ddc4070aBFMbBFMcCRd2022-02-21eCompra Facimed,Diciembre 2021l47m15o612 79 SILp4762r2026-03-11s2026-03-05tEj. 15w2022-02-21yBKzCompra Facimed, Diciembre 2021. f